[Event "Barcelona Tres Peons op 22nd"]
[Site "Barcelona"]
[Date "2020.02.19"]
[Round "7"]
[White "Bernat, Ernest"]
[Black "Garcia Punzano, Josep Lluis"]
[Result "1/2-1/2"]
[WhiteElo "1815"]
[BlackElo "1594"]
[PlyCount "92"]
[EventDate "2020.01.08"]
[EventType "swiss"]
[EventRounds "9"]
[EventCountry "ESP"]
[SourceTitle "CBM 195 Extra"]
[Source "ChessBase"]
[SourceDate "2020.05.31"]
[SourceVersion "1"]
[SourceVersionDate "2020.05.31"]
[SourceQuality "1"]

1. e4 c5 2. Nf3 d6 3. Bb5+ Bd7 4. Bxd7+ Qxd7 5. 0-0 Nc6 6. c3 Nf6 7. Re1 g6 8. d4 cxd4 9. cxd4 Rc8 10. Nc3 Bg7 11. d5 Ne5 12. Nxe5 dxe5 13. f4 exf4 14. Bxf4 Qg4 15. Qd2 0-0 16. h3 Qd7 17. Rad1 Nh5 18. Bh6 Bxh6 19. Qxh6 Qd6 20. e5 Qb6+ 21. Kh2 Qxb2 22. Ne4 Qxe5+ 23. Kg1 Qf4 24. Ng5 Nf6 25. Rf1 Qe3+ 26. Kh1 Qe2 27. Rfe1 Qh5 28. Qxh5 Nxh5 29. Rxe7 h6 30. Nf3 Rb8 31. Rb1 Rfd8 32. Rbxb7 Rxb7 33. Rxb7 Rxd5 34. Rxa7 Nf4 35. Ra4 g5 36. Rd4 Ra5 37. Rd2 Ra3 38. Nd4 Kg7 39. Kh2 Kf6 40. Nb5 Ra5 41. Nd6 Ke6 42. Nc4 Ra4 43. Ne3 f5 44. Rb2 Re4 45. Rb6+ Ke5 46. Rb5+ Ke6 1/2-1/2

[Event "Barcelona Sant Marti op 9th"]
[Site "Barcelona"]
[Date "2020.01.16"]
[Round "1"]
[White "Garcia Punzano, Josep Lluis"]
[Black "Padros Martinez, Albert"]
[Result "1-0"]
[WhiteElo "1594"]
[BlackElo "1932"]
[PlyCount "63"]
[EventDate "2020.01.16"]
[EventType "swiss"]
[EventRounds "9"]
[EventCountry "ESP"]
[SourceTitle "CBM 195 Extra"]
[Source "ChessBase"]
[SourceDate "2020.05.31"]
[SourceVersion "1"]
[SourceVersionDate "2020.05.31"]
[SourceQuality "1"]

1. e4 e5 2. Nf3 d6 3. Bc4 Be7 4. d4 exd4 5. Qxd4 Bf6 6. Qd5 Qe7 7. 0-0 c6 8. Qd3 Nd7 9. c3 Ne5 10. Nxe5 dxe5 11. Be3 Be6 12. Na3 Rd8 13. Qe2 b6 14. Rad1 Bc8 15. Rxd8+ Qxd8 16. Rd1 Qc7 17. Qh5 g6 18. Qf3 Bg7 19. Bxf7+ Qxf7 20. Rd8+ Ke7 21. Qxf7+ Kxf7 22. Rxc8 Ne7 23. Rc7 Rd8 24. g3 Rd1+ 25. Kg2 Ra1 26. Rxa7 Rxa2 27. Bxb6 Rxb2 28. Bc5 Bf6 29. Nc4 Rc2 30. Bxe7 Bxe7 31. Nxe5+ Ke6 32. Nxc6 1-0

[Event "Barcelona Sant Marti op-B 21st"]
[Site "Barcelona"]
[Date "2019.07.18"]
[Round "6"]
[White "Padros Martinez, Albert"]
[Black "Garcia Punzano, Josep Lluis"]
[Result "1/2-1/2"]
[WhiteElo "1924"]
[BlackElo "1746"]
[PlyCount "84"]
[EventDate "2019.07.13"]
[EventType "swiss"]
[EventRounds "9"]
[EventCountry "ESP"]
[SourceTitle "EXT 2020"]
[Source "ChessBase"]
[SourceDate "2019.10.17"]
[SourceVersion "1"]
[SourceVersionDate "2019.10.17"]
[SourceQuality "1"]

1. e4 c5 2. Nc3 d6 3. h3 Nc6 4. f4 g6 5. Nf3 Bg7 6. d3 a6 7. g4 e6 8. Ne2 Qa5+ 9. c3 b5 10. Kf2 b4 11. Bd2 Bb7 12. a3 Qb6 13. axb4 cxb4+ 14. Be3 Qd8 15. cxb4 Nxb4 16. Qa4+ Nc6 17. Ned4 Nge7 18. Rc1 Rc8 19. Be2 0-0 20. b4 Nxd4 21. Rxc8 Nxc8 22. Nxd4 Qh4+ 23. Kg2 Qe7 24. Rc1 f5 25. Bf3 fxe4 26. Bxe4 Bxe4+ 27. dxe4 Bxd4 28. Bxd4 e5 29. fxe5 Qf7 30. Qa3 dxe5 31. Bxe5 Qe6 32. Qa5 Ne7 33. Rf1 Rc8 34. Rf6 Qb3 35. Qxa6 Rc2+ 36. Rf2 Rxf2+ 37. Kxf2 Qxb4 38. Qe6+ Kf8 39. Qd6 Qxe4 40. Qb8+ Kf7 41. Qh8 Qc2+ 42. Kg3 Qd3+ 1/2-1/2

[Event "Barcelona Sant Marti op-B 21st"]
[Site "Barcelona"]
[Date "2019.07.16"]
[Round "4"]
[White "Amirkhanyan, Mane"]
[Black "Garcia Punzano, Josep Lluis"]
[Result "0-1"]
[WhiteElo "1357"]
[BlackElo "1746"]
[PlyCount "60"]
[EventDate "2019.07.13"]
[EventType "swiss"]
[EventRounds "9"]
[EventCountry "ESP"]
[SourceTitle "EXT 2020"]
[Source "ChessBase"]
[SourceDate "2019.10.17"]
[SourceVersion "1"]
[SourceVersionDate "2019.10.17"]
[SourceQuality "1"]

1. e4 c5 2. f4 d6 3. c3 g6 4. Nf3 Bg7 5. Be2 Nc6 6. 0-0 Nf6 7. d3 0-0 8. Be3 Qb6 9. Qc1 Ng4 10. Bd2 c4+ 11. d4 Nxd4 12. cxd4 Bxd4+ 13. Nxd4 Qxd4+ 14. Kh1 Nf2+ 15. Rxf2 Qxf2 16. Bxc4 Bg4 17. Be3 Qh4 18. Nc3 Rfc8 19. Bb3 b5 20. Qd2 b4 21. Ne2 a5 22. Ng3 Qf6 23. Rb1 Be6 24. Bd4 Qh4 25. Bxe6 fxe6 26. Rc1 Qg4 27. Bb6 h5 28. Rxc8+ Rxc8 29. Bxa5 h4 30. Ne2 Qxe2 0-1

[Event "Barcelona Sant Marti op-B 21st"]
[Site "Barcelona"]
[Date "2019.07.15"]
[Round "3"]
[White "Garcia Punzano, Josep Lluis"]
[Black "Recacha Limeres, Sergio"]
[Result "1-0"]
[WhiteElo "1746"]
[BlackElo "1542"]
[PlyCount "79"]
[EventDate "2019.07.13"]
[EventType "swiss"]
[EventRounds "9"]
[EventCountry "ESP"]
[SourceTitle "EXT 2020"]
[Source "ChessBase"]
[SourceDate "2019.10.17"]
[SourceVersion "1"]
[SourceVersionDate "2019.10.17"]
[SourceQuality "1"]

1. d4 Nf6 2. c4 e6 3. g3 Bb4+ 4. Bd2 Bxd2+ 5. Nxd2 c6 6. Bg2 d5 7. Ngf3 0-0 8. 0-0 Nbd7 9. Qc2 Re8 10. e4 dxe4 11. Nxe4 Nxe4 12. Qxe4 Nf6 13. Qe2 Qc7 14. Rfe1 c5 15. d5 Bd7 16. Qe5 Qxe5 17. Nxe5 exd5 18. Nxd7 Nxd7 19. Bxd5 Nf6 20. Bxb7 Rab8 21. Rxe8+ Nxe8 22. Bc6 Nf6 23. b3 Rd8 24. Re1 Rd6 25. Bd5 g6 26. Re5 Kf8 27. Bf3 Rd2 28. Rxc5 Rxa2 29. b4 Nd7 30. Rc7 Ne5 31. Bd5 Ra4 32. f4 Ra1+ 33. Kg2 Ng4 34. Rxf7+ Ke8 35. Rxh7 Ra2+ 36. Kf3 Nxh2+ 37. Ke4 Ng4 38. Kd4 a6 39. Ra7 Nf6 40. Bf7+ 1-0

[Event "Llinars del Valles op-B 13th"]
[Site "Llinars del Valles"]
[Date "2019.06.15"]
[Round "8"]
[White "Garcia Punzano, Josep Lluis"]
[Black "Guerrero Prieto, Arnau"]
[Result "1-0"]
[WhiteElo "1703"]
[BlackElo "1546"]
[PlyCount "43"]
[EventDate "2019.03.30"]
[EventType "swiss"]
[EventRounds "8"]
[EventCountry "ESP"]
[SourceTitle "EXT 2021"]
[Source "ChessBase"]
[SourceDate "2020.10.23"]
[SourceVersion "1"]
[SourceVersionDate "2020.10.23"]
[SourceQuality "1"]

1. e4 c5 2. Nf3 Nc6 3. d4 cxd4 4. Nxd4 g6 5. Nc3 Bg7 6. Be3 Nf6 7. f3 0-0 8. Qd2 Re8 9. 0-0-0 d6 10. g4 a6 11. h4 Bd7 12. h5 b5 13. hxg6 hxg6 14. Bh6 Bh8 15. Qh2 Nxg4 16. fxg4 Nxd4 17. Be3 Nb3+ 18. axb3 Bg7 19. Qh7+ Kf8 20. Bh6 e6 21. Qxg7+ Ke7 22. Bg5# 1-0

[Event "Llinars del Valles op-B 13th"]
[Site "Llinars del Valles"]
[Date "2019.04.06"]
[Round "2"]
[White "Gallardo Gonzalez, Rafael"]
[Black "Garcia Punzano, Josep Lluis"]
[Result "0-1"]
[WhiteElo "1522"]
[BlackElo "1703"]
[PlyCount "54"]
[EventDate "2019.03.30"]
[EventType "swiss"]
[EventRounds "8"]
[EventCountry "ESP"]
[SourceTitle "EXT 2020"]
[Source "ChessBase"]
[SourceDate "2019.10.17"]
[SourceVersion "1"]
[SourceVersionDate "2019.10.17"]
[SourceQuality "1"]

1. e4 c5 2. Nc3 Nc6 3. Bb5 g6 4. Bxc6 dxc6 5. f4 Bg7 6. Nf3 Nf6 7. 0-0 Ng4 8. d3 Bd4+ 9. Nxd4 Qxd4+ 10. Kh1 Nf2+ 11. Rxf2 Qxf2 12. Ne2 Bg4 13. Bd2 Qxe2 14. Qc1 h5 15. Bc3 Rh7 16. Qg1 b6 17. h3 Qxc2 18. Qe3 Qe2 19. Qg1 Qxd3 20. Qe1 Be2 21. Qf2 Bd1 22. f5 g5 23. Bd2 Qe2 24. Qxe2 Bxe2 25. Bxg5 f6 26. Bd2 0-0-0 27. Bc3 Rd1+ 0-1

[Event "Barcelona Sant Marti op 8th"]
[Site "Barcelona"]
[Date "2019.02.28"]
[Round "7"]
[White "Garcia Punzano, Josep Lluis"]
[Black "Rodriguez Saez, Gerard"]
[Result "1-0"]
[WhiteElo "1735"]
[BlackElo "1854"]
[PlyCount "67"]
[EventDate "2019.01.17"]
[EventType "swiss"]
[EventRounds "9"]
[EventCountry "ESP"]
[SourceTitle "CBM 189 Extra"]
[Source "ChessBase"]
[SourceDate "2019.05.31"]
[SourceVersion "1"]
[SourceVersionDate "2019.05.31"]
[SourceQuality "1"]

1. d4 Nf6 2. c4 g6 3. Nc3 Bg7 4. e4 d6 5. f3 0-0 6. Nge2 c6 7. Be3 Nbd7 8. Ng3 e5 9. d5 cxd5 10. cxd5 Ne8 11. Qd2 f5 12. Bg5 Ndf6 13. exf5 Bxf5 14. Nxf5 gxf5 15. Bd3 f4 16. 0-0 Qd7 17. Qc2 Qf7 18. Rad1 Qh5 19. h4 Bh6 20. Ne4 Nxe4 21. Bxe4 Bxg5 22. hxg5 Qxg5 23. Bxh7+ Kg7 24. Be4 Rh8 25. Rf2 Rd8 26. Bf5 Kf6 27. Bg4 Ng7 28. Qc7 e4 29. Be6 e3 30. Qf7+ Ke5 31. Rc2 Qg3 32. Bg4 Rh1+ 33. Kxh1 Rh8+ 34. Kg1 1-0

[Event "Barcelona Sant Marti op 8th"]
[Site "Barcelona"]
[Date "2019.02.07"]
[Round "4"]
[White "Garcia Punzano, Josep Lluis"]
[Black "Vargas Drechsler, Carlos"]
[Result "1/2-1/2"]
[WhiteElo "1735"]
[BlackElo "1895"]
[PlyCount "111"]
[EventDate "2019.01.17"]
[EventType "swiss"]
[EventRounds "9"]
[EventCountry "ESP"]
[SourceTitle "CBM 189 Extra"]
[Source "ChessBase"]
[SourceDate "2019.05.31"]
[SourceVersion "1"]
[SourceVersionDate "2019.05.31"]
[SourceQuality "1"]

1. d4 Nf6 2. c4 c5 3. d5 e6 4. g3 exd5 5. cxd5 d6 6. Bg2 g6 7. Nf3 Bg7 8. 0-0 0-0 9. Nc3 Bg4 10. Bf4 Re8 11. Qa4 Nbd7 12. Bg5 Nb6 13. Qc2 h6 14. Bxf6 Qxf6 15. Rab1 Bf5 16. e4 Bg4 17. e5 dxe5 18. Ne4 Qd8 19. Qxc5 Qxd5 20. Qxd5 Nxd5 21. Nd6 Re7 22. Nd2 Be6 23. Rbc1 Rd8 24. N6c4 Nb6 25. b3 Nxc4 26. Nxc4 f5 27. Rfd1 Red7 28. Rxd7 Rxd7 29. Nxe5 Bxe5 30. Re1 f4 31. gxf4 Bxf4 32. Rxe6 Rd1+ 33. Bf1 Kf7 34. Re4 Bxh2+ 35. Kg2 Bd6 36. Bc4+ Kf6 37. Kf3 Be5 38. Ke2 Rd4 39. Rxd4 Bxd4 40. Kf3 Kg5 41. Bf7 h5 42. Kg3 Be5+ 43. Kh3 Bf4 44. Kg2 Kf6 45. Bd5 b6 46. f3 g5 47. a4 Ke5 48. Bf7 h4 49. Bc4 Kd4 50. Be6 Ke3 51. Bf5 Bd6 52. Be6 Ke2 53. Bc4+ Kd2 54. Be6 Kc3 55. Bc4 Kb4 56. Kh3 1/2-1/2

[Event "Sant Adria de Besos op 2nd"]
[Site "Sant Adria de Besos"]
[Date "2018.08.11"]
[Round "2"]
[White "Oliva Castaneda, Kevel"]
[Black "Garcia Punzano, Josep Lluis"]
[Result "1-0"]
[WhiteElo "2479"]
[BlackElo "1663"]
[PlyCount "29"]
[EventDate "2018.08.10"]
[EventType "swiss"]
[EventRounds "9"]
[EventCountry "ESP"]
[SourceTitle "CBM 186 Extra"]
[Source "ChessBase"]
[SourceDate "2018.08.24"]
[SourceVersion "1"]
[SourceVersionDate "2018.08.24"]
[SourceQuality "1"]

1. d4 d5 2. c4 c6 3. Nf3 Bf5 4. cxd5 Bxb1 5. Rxb1 Qa5+ 6. Bd2 Qxa2 7. dxc6 Nxc6 8. e3 Qd5 9. Qa4 e6 10. Bc4 Qf5 11. 0-0 Bd6 12. e4 Qxe4 13. d5 Nge7 14. dxc6 Qxc6 15. Bb5 1-0

[Event "Montcada op-B 26th"]
[Site "Montcada"]
[Date "2018.06.26"]
[Round "2"]
[White "Balague Orduna, Enric"]
[Black "Garcia Punzano, Josep Lluis"]
[Result "1/2-1/2"]
[WhiteElo "1940"]
[BlackElo "1683"]
[PlyCount "159"]
[EventDate "2018.06.25"]
[EventType "swiss"]
[EventRounds "9"]
[EventCountry "ESP"]
[SourceTitle "EXT 2019"]
[Source "ChessBase"]
[SourceDate "2018.10.10"]
[SourceVersion "1"]
[SourceVersionDate "2018.10.10"]
[SourceQuality "1"]

1. d4 Nf6 2. Bg5 d5 3. e3 e6 4. c4 c6 5. Nf3 Qa5+ 6. Nbd2 Ne4 7. Bh4 h6 8. a3 Nxd2 9. Nxd2 Qc7 10. Bd3 Be7 11. Bg3 Bd6 12. Qg4 0-0 13. Bxd6 Qxd6 14. f4 e5 15. fxe5 Qxe5 16. Qf3 Qg5 17. 0-0 Bg4 18. Qf2 Nd7 19. cxd5 cxd5 20. Rac1 Rae8 21. e4 dxe4 22. Nxe4 Qd5 23. Ng3 Nf6 24. Rc5 Qd6 25. Nf5 Bxf5 26. Rxf5 Ng4 27. Qf4 Qxf4 28. R5xf4 Ne3 29. Rc1 Rc8 30. Re1 Nd5 31. Rf5 Rfd8 32. Kf2 Nf6 33. Rf4 Rd6 34. Re7 Rd7 35. Rxd7 Nxd7 36. Bf5 Rd8 37. Ke3 Nf6 38. Kd3 Kf8 39. Rf2 Ke7 40. Rc2 Kd6 41. g3 Re8 42. Bh3 Nd5 43. Bg2 Re3+ 44. Kd2 Rb3 45. Bh3 f5 46. Bf1 g5 47. Bc4 Rb6 48. b4 Rc6 49. Bb3 Rxc2+ 50. Bxc2 f4 51. gxf4 Nxf4 52. Be4 b6 53. Ke3 h5 54. h4 Ne6 55. d5 Nf4 56. hxg5 Nxd5+ 57. Kd4 Ne7 58. Bf3 h4 59. Bg4 Ng6 60. Ke4 Ke7 61. Kf5 Nf8 62. g6 Ne6 63. Bh3 Nd4+ 64. Kg5 Kf8 65. Kxh4 Kg7 66. a4 Kxg6 67. b5 Kf6 68. Kg3 Ke5 69. Bg2 Kd6 70. Kf4 Kc5 71. Ke5 Nb3 72. Bf1 Kb4 73. Kd5 Nc5 74. Kc6 Nxa4 75. Kb7 Nc3 76. Kxa7 Ka5 77. Kb7 Nxb5 78. Kc6 Nd4+ 79. Kd5 Nc2 80. Be2 1/2-1/2

[Event "Mataro Vinas Memorial 14th"]
[Site "Mataro"]
[Date "2018.05.19"]
[Round "6"]
[White "Garcia Punzano, Josep Lluis"]
[Black "Nadal Fajardo, Ricard"]
[Result "0-1"]
[WhiteElo "1650"]
[BlackElo "1894"]
[PlyCount "122"]
[EventDate "2018.04.07"]
[EventType "swiss"]
[EventRounds "9"]
[EventCountry "ESP"]
[SourceTitle "EXT 2019"]
[Source "ChessBase"]
[SourceDate "2018.10.10"]
[SourceVersion "1"]
[SourceVersionDate "2018.10.10"]
[SourceQuality "1"]

1. d4 Nf6 2. c4 c6 3. Nc3 d5 4. Nf3 g6 5. Bf4 Bg7 6. h3 0-0 7. e3 h6 8. Bd3 Be6 9. cxd5 Nxd5 10. Nxd5 Qxd5 11. Qc2 Na6 12. a3 Qa5+ 13. Kf1 c5 14. Ne5 cxd4 15. exd4 Rad8 16. Nc4 Qd5 17. Be5 Rc8 18. Bxg7 Rxc4 19. Bxc4 Qxc4+ 20. Qxc4 Bxc4+ 21. Ke1 Kxg7 22. Kd2 Bd5 23. f3 Rd8 24. Rhe1 e5 25. b4 Bc6 26. Reb1 Rxd4+ 27. Ke3 Nc7 28. Rd1 Nd5+ 29. Kf2 Nc3 30. Rdc1 Rd3 31. a4 Bxa4 32. Rxc3 Rxc3 33. Rxa4 a6 34. b5 axb5 35. Rb4 Rc5 36. Ke3 f5 37. g3 Kf6 38. f4 Rc3+ 39. Kf2 exf4 40. gxf4 Rc4 41. Rxb5 Rxf4+ 42. Kg3 Kg5 43. Rxb7 Re4 44. Rb6 Re3+ 45. Kg2 f4 46. Rb5+ Kh4 47. Rb4 g5 48. Rb6 h5 49. Rb5 Rxh3 50. Rf5 Rb3 51. Rc5 Kg4 52. Rc2 h4 53. Ra2 h3+ 54. Kh2 Kh4 55. Rf2 Rg3 56. Kh1 Kg4 57. Rf1 Rb3 58. Kh2 Rb2+ 59. Kh1 f3 60. Kg1 Rg2+ 61. Kh1 f2 0-1

[Event "Mataro Vinas Memorial 14th"]
[Site "Mataro"]
[Date "2018.05.05"]
[Round "4"]
[White "Garcia Punzano, Josep Lluis"]
[Black "Vidarte Morales, Arturo"]
[Result "0-1"]
[WhiteElo "1650"]
[BlackElo "2369"]
[PlyCount "84"]
[EventDate "2018.04.07"]
[EventType "swiss"]
[EventRounds "9"]
[EventCountry "ESP"]
[SourceTitle "EXT 2019"]
[Source "ChessBase"]
[SourceDate "2018.10.10"]
[SourceVersion "1"]
[SourceVersionDate "2018.10.10"]
[SourceQuality "1"]

1. c4 e6 2. Nc3 d5 3. d4 Be7 4. Nf3 Nf6 5. Bg5 0-0 6. e3 c6 7. Bd3 Nbd7 8. 0-0 Re8 9. Rc1 a6 10. cxd5 exd5 11. h3 Ne4 12. Bxe7 Qxe7 13. Nd2 f5 14. Re1 Ndf6 15. f4 Nxd2 16. Qxd2 Be6 17. Ne2 Rad8 18. Ng3 g6 19. Nf1 Bc8 20. Nh2 Ne4 21. Bxe4 dxe4 22. b4 Be6 23. Nf1 g5 24. fxg5 Qxg5 25. Qf2 Rf8 26. Rc5 Rd5 27. Rxd5 Bxd5 28. a3 b5 29. Qg3 h6 30. Qxg5+ hxg5 31. g3 a5 32. Nd2 Kg7 33. Rf1 Kg6 34. Nb1 axb4 35. axb4 Bc4 36. Rf2 Ra8 37. Rb2 f4 38. gxf4 gxf4 39. Nd2 Bd3 40. exf4 Kf5 41. Nf1 Ra1 42. Rf2 e3 0-1

[Event "Mataro Vinas Memorial 14th"]
[Site "Mataro"]
[Date "2018.04.21"]
[Round "3"]
[White "Gisbert Mir, Alfonso"]
[Black "Garcia Punzano, Josep Lluis"]
[Result "0-1"]
[WhiteElo "1961"]
[BlackElo "1650"]
[PlyCount "128"]
[EventDate "2018.04.07"]
[EventType "swiss"]
[EventRounds "9"]
[EventCountry "ESP"]
[SourceTitle "EXT 2019"]
[Source "ChessBase"]
[SourceDate "2018.10.10"]
[SourceVersion "1"]
[SourceVersionDate "2018.10.10"]
[SourceQuality "1"]

1. e4 c5 2. Nf3 d6 3. d4 cxd4 4. Nxd4 Nf6 5. Nc3 g6 6. Be3 Bg7 7. f3 0-0 8. Qd2 Nc6 9. 0-0-0 Bd7 10. g4 Qa5 11. Kb1 Rfc8 12. Nb3 Qd8 13. h4 Ne5 14. Be2 h5 15. gxh5 Nxh5 16. Rdg1 Nc4 17. Bxc4 Rxc4 18. Rxg6 fxg6 19. Qd5+ Kh7 20. Qxc4 Rc8 21. Qd3 a6 22. Rg1 Qf8 23. Bg5 Nf4 24. Qe3 e5 25. Ne2 Nh3 26. Rh1 Bh6 27. Nd2 Bxg5 28. hxg5 Kg7 29. Ng1 Qf4 30. Qxf4 Nxf4 31. Rh2 d5 32. exd5 Bf5 33. Ne4 Nxd5 34. Nd6 Rb8 35. Nxf5+ gxf5 36. Re2 Re8 37. Rd2 Rd8 38. Kc1 Rd7 39. c4 Nb6 40. Rxd7+ Nxd7 41. Kd2 Kg6 42. Nh3 Kh5 43. Ke3 Kh4 44. Nf2 Kxg5 45. Nd3 Kf6 46. b3 Ke6 47. a3 f4+ 48. Ke2 Kf5 49. Nf2 Nc5 50. b4 Nb3 51. Ne4 Nd4+ 52. Kf2 b6 53. c5 b5 54. Nc3 Ke6 55. a4 bxa4 56. Nxa4 Nc6 57. Nb6 Nxb4 58. Ke2 Nc6 59. Kd3 Nd4 60. Ke4 a5 61. Nc4 a4 62. Nxe5 a3 63. c6 Nb5 64. c7 Nxc7 0-1